النقود الورقية وأحكامها فى الفقه الاسلامى : دراسة فقهية مقارنة /
Saved in:
| Main Author: | |
|---|---|
| Other Authors: | |
| Format: | Thesis |
| Language: | Arabic |
| Published: |
Saudi Arabia :
Jami'at al-Imam Muhammad ibn Sa'ud al-Islamiyah,
1984-1985
|
| Subjects: | |
| Tags: |
Add Tag
No Tags, Be the first to tag this record!
|
| LEADER | 013260000a22003010004500 | ||
|---|---|---|---|
| 001 | 289837 | ||
| 005 | 20041013171800.0 | ||
| 008 | 031029m19841985su g 0 0 0 ara d | ||
| 035 | |a (Sirsi) 289837 | ||
| 040 | |a UIAM |b eng | ||
| 041 | 0 | |a ara | |
| 049 | |b m | ||
| 050 | 0 | 0 | |a BP158.6.P2213 |
| 100 | 1 | |a ضرير، ابراهيم أحمد | |
| 242 | 1 | 3 | |a al-Nuqud al-waraqiyah wa ahkamuha fi al-fiqh al-Islami : dirasah fiqhiyah muqaranah |
| 245 | 1 | 2 | |a النقود الورقية وأحكامها فى الفقه الاسلامى : دراسة فقهية مقارنة / |c اعداد ابراهيم أحمد الشيخ محمد الأمين |
| 260 | |a Saudi Arabia : |b Jami'at al-Imam Muhammad ibn Sa'ud al-Islamiyah, |c 1984-1985 | ||
| 300 | |a 119 p. ; |c 31 cm. | ||
| 502 | |a " بحث تكميلى لنيل درجة الماجستير فى الفقه المقارن " | ||
| 502 | |a Thesis (Master)--Jami'at al-Imam Muhammad ibn Sa'ud al-Islamiyah, 1984-85 | ||
| 596 | |a 1 | ||
| 650 | 0 | |a Money |z Islamic countries | |
| 650 | 0 | |a Paper money |x Islamic perspectives | |
| 655 | 0 | 7 | |a Theses, non-IIUM |
| 700 | 1 | 0 | |a Darir, Ibrahim Ahmad |
| 900 | |a ami | ||
| 999 | |c 432413 |d 463765 | ||
| 952 | |0 0 |6 T BP 000158.6 P2213D218N 1985 |7 0 |8 THESES |9 754578 |a IIUM |b IIUM |c MULTIMEDIA |g 0.00 |o t BP158.6P2213D218N 1985 |p 00000864954 |r 2017-10-17 |t 1 |v 0.00 |y THESIS | ||
